00477nam a22001697a 4500003000400000005001700004008004100021040000900062082001500071100002100086245007200107260004100179300001100220630001300231650003600244650002700280OSt20260127144501.0260121b |||||||| |||| 00| 0 eng d cSBCL a253bKAL-M aKalacherry,James aMar James Kalacherriyude Ajapalana Chinthakal Edayalekhanamgalilude aKottayambWiGi Offset Printersc2020 a136 p. xReligion aChristian orders & local church aPastoral office & work